The agrarian system of Moslem India; (Record no. 83404)

MARC details
000 -LEADER
fixed length control field 00815cam a22002411 4500
001 - CONTROL NUMBER
control field sa 68010474
003 - CONTROL NUMBER IDENTIFIER
control field DLC
005 - DATE AND TIME OF LATEST TRANSACTION
control field 20260227112552.0
008 - FIXED-LENGTH DATA ELEMENTS--GENERAL INFORMATION
fixed length control field 850109s1968 ii b 001 0 eng
010 ## - LIBRARY OF CONGRESS CONTROL NUMBER
LC control number sa 68010474
035 ## - SYSTEM CONTROL NUMBER
System control number (OCoLC)13465801
040 ## - CATALOGING SOURCE
Original cataloging agency DLC
Transcribing agency RPB
Modifying agency DLC
042 ## - AUTHENTICATION CODE
Authentication code premarc
050 00 - LIBRARY OF CONGRESS CALL NUMBER
Classification number HD874
Item number .M6 1968
100 1# - MAIN ENTRY--PERSONAL NAME
Personal name Moreland, W. H.
Fuller form of name (William Harrison),
Dates associated with a name 1868-1938.
245 14 - TITLE STATEMENT
Title The agrarian system of Moslem India;
Remainder of title a historical essay with appendices /
Statement of responsibility, etc. by W. H. Moreland.
250 ## - EDITION STATEMENT
Edition statement [2d ed.]
260 ## - PUBLICATION, DISTRIBUTION, ETC.
Place of publication, distribution, etc. Delhi,
Name of publisher, distributor, etc. Oriental Books Reprint Corp. ;
-- exclusively distributed by Munshiram Manoharlal
Date of publication, distribution, etc. [1968]
300 ## - PHYSICAL DESCRIPTION
Extent xvii, 296 p.
Dimensions 23 cm.
504 ## - BIBLIOGRAPHY, ETC. NOTE
Bibliography, etc. note Bibliography: p. 280-283.
650 #0 - SUBJECT ADDED ENTRY--TOPICAL TERM
Topical term or geographic name entry element Land tenure
Geographic subdivision India
General subdivision History.
650 #0 - SUBJECT ADDED ENTRY--TOPICAL TERM
Topical term or geographic name entry element Land value taxation
Geographic subdivision India
General subdivision History.

No items available.

Powered by Koha